|
|
|
|
| LEADER |
00000naa2a2200000 4500 |
| 001 |
234125 |
| 005 |
20260121112122.0 |
| 035 |
|
|
|a (RuTPU)RU\TPU\book\255225
|
| 035 |
|
|
|a RU\TPU\book\255224
|
| 090 |
|
|
|a 234125
|
| 100 |
|
|
|a 20130318d2012 k y0rusy50 ca
|
| 101 |
0 |
|
|a rus
|
| 102 |
|
|
|a RU
|
| 181 |
|
0 |
|a i
|
| 182 |
|
0 |
|a b
|
| 200 |
1 |
|
|a Физико-химические свойства нанопорошка алюминия в физиологических растворах
|f Е. Е. Карепина
|g науч. рук. А. Ю. Годымчук
|
| 203 |
|
|
|a Текст
|c электронный
|
| 215 |
|
|
|a 1 файл (485 Кб)
|
| 225 |
1 |
|
|a Нанотехнологии и пучково-плазменные технологии создания материалов с заданными свойствами
|
| 300 |
|
|
|a Заглавие с экрана
|
| 320 |
|
|
|a Библиогр.: с. 80-81 (5 назв.)]
|
| 337 |
|
|
|a Adobe Reader
|
| 463 |
|
1 |
|0 (RuTPU)RU\TPU\book\251281
|t Ресурсоэффективным технологиям - энергию и энтузиазм молодых
|o сборник докладов III Университетской конференции студентов Элитного технического образования, г. Томск, 16 -17 апреля 2012 г.
|f Национальный исследовательский Томский политехнический университет (ТПУ)
|v [С. 78-81]
|d 2012
|
| 610 |
1 |
|
|a электронный ресурс
|
| 610 |
1 |
|
|a труды учёных ТПУ
|
| 610 |
1 |
|
|a физико-химические свойства
|
| 610 |
1 |
|
|a нанопорошки
|
| 610 |
1 |
|
|a физиологические растворы
|
| 610 |
1 |
|
|a алюминий
|
| 700 |
|
1 |
|a Карепина
|b Е. Е.
|
| 702 |
|
1 |
|a Годымчук
|b А. Ю.
|c специалист в области нанотехнологий и наноматериалов
|c доцент Томского политехнического университета, кандидат технических наук
|f 1978-
|g Анна Юрьевна
|3 (RuTPU)RU\TPU\pers\26193
|4 727
|9 12001
|
| 801 |
|
1 |
|a RU
|b 63413507
|c 20101016
|
| 801 |
|
2 |
|a RU
|b 63413507
|c 20130517
|g RCR
|
| 856 |
4 |
|
|u http://www.lib.tpu.ru/fulltext/c/2012/C08/034.pdf
|
| 942 |
|
|
|c CF
|